000 00450nam a2200181Ia 4500
001 19858
005 20260306172723.0
008 260306t2009||||xx |||||||||||||| ||spa||
041 _aESP
082 _a343.4L
_bF62
100 _aFlores Dapkevicius, Ruben
_eAUT
245 0 _aHabeas data y acceso a la información pública
260 _c2009
300 _a153 páginas :
_c26 m.
650 _aGEN
654 _aCDE
942 _cLIB
_dJUS
_fJUS
_2ddc
_n
999 _c19858
_d19858